Využitie metódy Monte Carlo pri analýze portfólia poistných zmlúv
Simulačná metóda Monte Carlo ako prostriedok riešenia problémov pravdepodobnostného charakteru. Využitie metódy Monte Carlo v poistnej praxi. "Hit" alebo "Miss" Monte Carlo metóda na výpočet určitého integrálu. Využitie výpočtu určitého integrálu metódou "Hit" alebo "Miss" Monte Carlo na určenie fun...
Uložené v:
| Hlavný autor: | |
|---|---|
| Médium: | Kapitola |
| Jazyk: | Slovak |
| Predmet: | |
| Tagy: |
Žiadne tagy, Buďte prvý, kto otaguje tento záznam!
|
MARC
| LEADER | 00000nla$a2200000$$$4500 | ||
|---|---|---|---|
| 001 | 0048164 | ||
| 005 | 20240502071543.2 | ||
| 041 | 0 | |a slo | |
| 044 | |a SK | ||
| 245 | 1 | 0 | |a Využitie metódy Monte Carlo pri analýze portfólia poistných zmlúv |c Vladimír Mucha |
| 520 | |a Simulačná metóda Monte Carlo ako prostriedok riešenia problémov pravdepodobnostného charakteru. Využitie metódy Monte Carlo v poistnej praxi. "Hit" alebo "Miss" Monte Carlo metóda na výpočet určitého integrálu. Využitie výpočtu určitého integrálu metódou "Hit" alebo "Miss" Monte Carlo na určenie funkčných hodnôt distribučnej funkcie celkovej škody. | ||
| 610 | 2 | 0 | |a metóda Monte Carlo |
| 610 | 2 | 0 | |a pravdepodobnosť |
| 610 | 2 | 0 | |a simulácia |
| 610 | 2 | 0 | |a funkcie matematické |
| 610 | 2 | 0 | |a poisťovníctvo |
| 610 | 2 | 0 | |a zmluvy poistné |
| 610 | 2 | 0 | |a škody |
| 100 | 1 | |a Mucha, Vladimír, 1976- | |